|
|
|
|
| LEADER |
00000nam a2200000 a 4500 |
| 001 |
vtls001075782 |
| 003 |
SK-MaSNL |
| 005 |
20260301193553.0 |
| 008 |
250414s1994 xo slo |
| 015 |
|
|
|a SNBA1994/08
|
| 020 |
|
|
|a 8022706787
|
| 035 |
|
|
|a SNK000018615
|
| 035 |
|
|
|a urn:nbn:sk:snk-amlimh
|
| 035 |
|
|
|a urn:nbn:sk:snk-am00bqcs
|
| 035 |
|
|
|a F1BDCE86-240B-4FB4-B521-47D7AE519FB1
|
| 040 |
|
|
|a SNK
|b slo
|c SNK
|e AACR2
|
| 041 |
0 |
|
|a slo
|
| 044 |
|
|
|a xo
|c SK
|
| 080 |
|
|
|a 621.391(075.8)(076.5)
|2 1981
|
| 100 |
1 |
|
|a Malý, Oto
|4 aut
|9 7592
|
| 245 |
1 |
0 |
|a Systémy prenosu dát
|b Príručka na cvičenia
|c Oto Malý
|
| 250 |
|
|
|a 2. vyd.
|
| 260 |
|
|
|a Bratislava
|b Slovenská technická univerzita
|c 1994
|e Bratislava
|f Vydavateľstvo STU
|
| 300 |
|
|
|a 248 s., 19,026 AH, 19,336 VH
|b Sch., lit. 19 zázn. v angl., češ., nem. a slov.
|c 29cm
|
| 366 |
|
|
|e 100 výt.
|
| 500 |
|
|
|a Schválil rektor SVŠT v Bratislave ako skriptá
|
| 655 |
|
7 |
|a učebnice vysokých škôl
|2 SNKPH
|9 70191
|
| 852 |
|
|
|a Slovenská národná knižnica
|
| 919 |
|
|
|a 80-227-0678-7
|
| 954 |
|
|
|a prenos dát
|a systémy prenosové
|
| 958 |
0 |
7 |
|a RM
|
| 958 |
0 |
7 |
|a NB
|
| 958 |
0 |
7 |
|a UV
|
| 999 |
|
|
|c 877992
|d 879922
|
| 952 |
|
|
|t P60, <04>, [BOOK], {604}
|a SNK
|b SNK
|y VYP
|7 0
|p 17A0073058
|o snkSB 52793 D1
|0 0
|1 0
|4 0
|d 1997-06-18
|l 0
|r 2004-12-31 00:00:00
|w 2026-02-24
|
| 952 |
|
|
|a SNK
|b SNK
|y PREZ
|7 0
|p 17A0905698
|o snkSB 52793
|0 0
|1 0
|4 0
|d 2012-07-17
|f 1
|l 0
|r 2025-03-18 00:00:00
|w 2026-02-24
|